Textbook of fungi and their allies (Record no. 1430214)

MARC details
000 -LEADER
fixed length control field 00541nam a2200205Ia 4500
005 - DATE AND TIME OF LATEST TRANSACTION
control field 20250711170704.0
008 - FIXED-LENGTH DATA ELEMENTS--GENERAL INFORMATION
fixed length control field 008 250516s9999 xx 000 0 eng d
020 ## - INTERNATIONAL STANDARD BOOK NUMBER
International Standard Book Number 9789386479174
040 ## - CATALOGING SOURCE
Language of cataloging eng
Transcribing agency SDCL
041 ## - LANGUAGE CODE
Language code of text/sound track or separate title eng
Source of code eng
084 ## - COLON CLASSIFICATION NUMBER
Classification number I23 Q8
100 ## - MAIN ENTRY--PERSONAL NAME
Personal name Sethi, Inderjeet Kaur
245 #0 - TITLE STATEMENT
Title Textbook of fungi and their allies
250 ## - EDITION STATEMENT
Edition statement 2nd ed.
260 ## - PUBLICATION, DISTRIBUTION, ETC.
Place of publication, distribution, etc. New Delhi :
Name of publisher, distributor, etc. Medtech,
Date of publication, distribution, etc. 2018.
300 ## - PHYSICAL DESCRIPTION
Extent xx, 532p.
650 ## - SUBJECT ADDED ENTRY--TOPICAL TERM
Topical term or geographic name entry element Microbiology
700 ## - ADDED ENTRY--PERSONAL NAME
Personal name Walia, Surinder kaur
942 ## - ADDED ENTRY ELEMENTS (KOHA)
Koha item type Textual
Source of classification or shelving scheme Colon Classification (CC)
100 ## - MAIN ENTRY--PERSONAL NAME
-- 300625
700 ## - ADDED ENTRY--PERSONAL NAME
-- 712228
999 ## -
-- 1430214
-- 1430214
Holdings
Withdrawn status Lost status Source of classification or shelving scheme Damaged status Not for loan Home library Current library Date acquired Source of acquisition Inventory number Total checkouts Full call number Barcode Date last seen Price effective from Koha item type
    Colon Classification (CC)     South Campus Library South Campus Library 2025-05-22 N.R.Book Distributors 48, 12/02/2025   I23 Q8 SC1691152 2025-05-22 2025-05-22 Textual
    Colon Classification (CC)     South Campus Library South Campus Library 2025-05-22 N.R.Book Distributors 48, 12/02/2025   I23 Q8;1 SC1691153 2025-05-22 2025-05-22 Textual
    Colon Classification (CC)     South Campus Library South Campus Library 2025-05-22 N.R.Book Distributors 48, 12/02/2025   I23 Q8;2 SC1691154 2025-05-22 2025-05-22 Textual
    Colon Classification (CC)     South Campus Library South Campus Library 2025-05-22 N.R.Book Distributors 48, 12/02/2025   I23 Q8;3 SC1691155 2025-05-22 2025-05-22 Textual
    Colon Classification (CC)     South Campus Library South Campus Library 2025-05-22 N.R.Book Distributors 48, 12/02/2025   I23 Q8;4 SC1691156 2025-05-22 2025-05-22 Textual
Copyright @ Delhi University Library System